000 00516nam a2200193 a 4500
001 1757071732803
003 YourLibrary
005 20250905170013.0
008 250905s2004##################000#0#eng##
020 _a9780521549226
082 0 4 _a543.5
_bCOO
100 1 _aCooke, Andy,
_eauthor.
245 1 0 _aSpectrum Chemistry Class Book :
260 _bCambridge University Press,
_c2004.
300 _a181 pages
650 0 _aJuvenile Nonfiction.
942 _cENGLISH
040 _aYourLibrary
_beng
_cYourLibrary
999 _c585509
_d585509